000 01023nam a2200349 a 4500
001 000044431
003 DO-SdBNP
005 20171016105536.0
007 000044431
008 140630s2009 dr a 000 0 spa d
020 _a9789945111828
040 _aBPMSU
_bspa
_cBPMSU
082 0 4 _aRD863.44
_bD249m
100 1 _aDavid, León
245 1 0 _aMargarita y la nube /
_cLeón David ; ilustraciones Verouschka Freixas.
260 _aSanto Domingo :
_bSantillana,
_c2007.
300 _a45 p. :
_bil ;
_c23 cm.
490 1 _aAfaguara infantil
650 4 _aCUENTOS DOMINICANOS
650 4 _aPOESÍA DOMINICANA
650 4 _aLITERATURA DOMINICANA
700 1 _aFreixas, Verouschka
_eil.
830 0 _pAlfaguara infantil
910 _aValidado. Control de calidad MFF
930 1 _l
_m
_8
_f
_p
_g
930 1 _l
_m
_8
_f
_p
_g
_h
942 _2ddc
_cBK
945 _aInventariado infantil / 2017 VM
956 _a
_b
_c
_l
_h
956 _a
_b
_c
_l
_h
956 _aVMATEO
_b10
_c20150903
_lBPMSU
_h00151
999 _c7471
_d7471